000 00360nam a2200157Ia 4500
008 230711s9999||||xx |||||||||||||| ||und||
041 _aENG
082 _a624
_bGU-C
100 _aGupta,VK
245 0 _aObjective Civil Engineering
250 _a1st
260 _c1991
_aNew Delhi
_bForwod Press
300 _a257
650 _aCivil Engineering
942 _cBK
999 _c1723
_d1723